[Event "ECF Charity Marathon UKR"]
[Site "Chess.com INT"]
[Date "2022.04.03"]
[Round "?"]
[White "Armstrong, Malcolm J"]
[Black "Arkell, Keith C"]
[Result "0-1"]
[WhiteElo "1993"]
[BlackElo "2383"]
[PlyCount "138"]
[EventDate "2022.04.02"]
[EventType "swiss (blitz)"]
[EventRounds "74"]
[EventCountry "USA"]
[SourceTitle "CBM 207 Extra"]
[Source "ChessBase"]
[SourceDate "2022.05.31"]
[SourceVersion "1"]
[SourceVersionDate "2022.05.31"]
[SourceQuality "1"]

1. d4 e6 2. Nf3 Nf6 3. c4 Bb4+ 4. Nbd2 c5 5. g3 cxd4 6. Nxd4 Nc6 7. Nc2 Be7 8. Bg2 b6 9. 0-0 Bb7 10. b3 Qc7 11. Bb2 0-0 12. Rc1 Nb4 13. Nxb4 Bxb4 14. Bxf6 gxf6 15. Ne4 Be7 16. Qd4 Kg7 17. Rfd1 Rad8 18. Nd6 Bxg2 19. Kxg2 Bxd6 20. Qxd6 Qxd6 21. Rxd6 Rfe8 22. Rcd1 Re7 23. b4 f5 24. c5 bxc5 25. bxc5 Kf8 26. c6 Ke8 27. c7 Rc8 28. Rc1 f6 29. Ra6 d5 30. Rxa7 Kd7 31. e3 e5 32. Kf3 Re6 33. Ke2 Rb6 34. Rc2 h5 35. a4 h4 36. gxh4 d4 37. exd4 Rb3 38. dxe5 fxe5 39. a5 e4 40. a6 Ra3 41. Rc5 f4 42. Rd5+ Kc6 43. Rd4 f3+ 44. Ke1 Ra1+ 45. Kd2 Ra2+ 46. Ke3 Re2+ 47. Kf4 Kb6 48. Rb7+ Kxa6 49. Rb1 Ra2 50. Rc4 Ka7 51. Kxe4 Ra6 52. Kxf3 Rf6+ 53. Rf4 Rxf4+ 54. Kxf4 Rxc7 55. h5 Rf7+ 56. Kg3 Rh7 57. Kh4 Rf7 58. Rb2 Rf4+ 59. Kg5 Rf3 60. h6 Rh3 61. Kg6 Rxh2 62. Kg7 Rg2+ 63. Kh8 Rh2 64. h7 Rg2 65. Re2 Ka6 66. Re7 Rxf2 67. Rg7 Rg2 68. Kg8 Kb5 69. h8Q Rxg7+ 0-1

[Event "ECF Charity Marathon UKR"]
[Site "Chess.com INT"]
[Date "2022.04.03"]
[Round "?"]
[White "Okike, David"]
[Black "Armstrong, Malcolm J"]
[Result "1-0"]
[WhiteElo "2157"]
[BlackElo "1993"]
[PlyCount "127"]
[EventDate "2022.04.02"]
[EventType "swiss (blitz)"]
[EventRounds "74"]
[EventCountry "USA"]
[SourceTitle "CBM 207 Extra"]
[Source "ChessBase"]
[SourceDate "2022.05.31"]
[SourceVersion "1"]
[SourceVersionDate "2022.05.31"]
[SourceQuality "1"]

1. e4 c6 2. d4 d5 3. e5 c5 4. dxc5 e6 5. Qg4 h5 6. Qg3 Nh6 7. Bd3 Nc6 8. Nf3 Qa5+ 9. Bd2 Qxc5 10. Nc3 Nb4 11. 0-0 Bd7 12. Bg5 Nxd3 13. cxd3 Nf5 14. Qh3 Be7 15. g4 Bxg5 16. Nxg5 Nh6 17. gxh5 Nf5 18. Rac1 Qb4 19. Nf3 g6 20. a3 Qf4 21. Ne2 Qh6 22. Ng3 Nxg3 23. hxg3 Qxh5 24. Qxh5 Rxh5 25. d4 Rc8 26. Kg2 Rh8 27. Rc5 b6 28. Rcc1 Ke7 29. Rfe1 Bb5 30. b3 Bd3 31. Nd2 Kd7 32. f3 Rxc1 33. Rxc1 a5 34. Rc3 Be2 35. Re3 Bb5 36. Rc3 Be2 37. g4 Rb8 38. Kf2 Ba6 39. a4 Rh8 40. Kg2 Rb8 41. Rc1 Rh8 42. Rh1 Rxh1 43. Kxh1 b5 44. axb5 Bxb5 45. Kg2 Bd3 46. Kf2 Kc6 47. Ke3 Bc2 48. Kf4 Kb5 49. Kg5 Kb4 50. Kf6 Kc3 51. Nf1 Bxb3 52. Kxf7 a4 53. Kxe6 a3 54. Kf6 a2 55. e6 a1Q 56. Ne3 Qe1 57. Ng2 Qf2 58. f4 Qxg2 59. e7 Qe4 60. Kf7 Qxf4+ 61. Kxg6 Qe4+ 62. Kf7 Qf4+ 63. Ke6 Qe4+ 64. Kd7 1-0

[Event "Checkmate Covid Rematch"]
[Site "Chess.com INT"]
[Date "2021.06.06"]
[Round "?"]
[White "Armstrong, Malcolm J"]
[Black "Arkell, Keith C"]
[Result "0-1"]
[WhiteElo "1993"]
[BlackElo "2381"]
[PlyCount "98"]
[EventDate "2021.06.05"]
[EventType "swiss (blitz)"]
[EventRounds "20"]
[EventCountry "ENG"]
[SourceTitle "CBM 202 Extra"]
[Source "ChessBase"]
[SourceDate "2021.07.31"]
[SourceVersion "1"]
[SourceVersionDate "2021.07.31"]
[SourceQuality "1"]

1. d4 e6 2. Nf3 Nf6 3. c4 a6 4. g3 b5 5. Qc2 bxc4 6. Qxc4 Bb7 7. Bg2 Be7 8. 0-0 0-0 9. Rd1 a5 10. Qc2 Na6 11. a3 Be4 12. Qd2 a4 13. Nc3 Bc6 14. Ne5 Bxg2 15. Kxg2 Nb8 16. e4 d6 17. Nf3 c6 18. Qd3 d5 19. e5 Nfd7 20. h4 c5 21. Ne2 Nc6 22. Bg5 h6 23. Bxe7 Qxe7 24. Rac1 c4 25. Qc2 Rfb8 26. Nc3 Rb3 27. Ne2 Rab8 28. Rb1 Nb6 29. Nd2 Rd3 30. Nf3 Rxd1 31. Rxd1 Qa7 32. Nc3 Qa6 33. g4 Ne7 34. Na2 Qb5 35. Nb4 Nc6 36. Nxc6 Qxc6 37. g5 h5 38. Nd2 g6 39. Nb1 Nc8 40. Nc3 Rb3 41. Rb1 Ne7 42. Na2 Nf5 43. Nb4 Qb6 44. Rd1 Nxd4 45. Qd2 Nf5 46. Rh1 Qd4 47. Qxd4 Nxd4 48. Rd1 Nf5 49. Rd2 Nxh4+ 0-1

[Event "Checkmate Covid Rematch"]
[Site "Chess.com INT"]
[Date "2021.06.06"]
[Round "?"]
[White "Armstrong, Malcolm J"]
[Black "Horton, Andrew P"]
[Result "0-1"]
[WhiteElo "1993"]
[BlackElo "2375"]
[PlyCount "80"]
[EventDate "2021.06.05"]
[EventType "swiss (blitz)"]
[EventRounds "20"]
[EventCountry "ENG"]
[SourceTitle "CBM 202 Extra"]
[Source "ChessBase"]
[SourceDate "2021.07.31"]
[SourceVersion "1"]
[SourceVersionDate "2021.07.31"]
[SourceQuality "1"]

1. d4 Nf6 2. Nf3 c5 3. d5 b5 4. Bg5 d6 5. Bxf6 exf6 6. e4 a6 7. a4 b4 8. Bd3 g6 9. 0-0 Bg7 10. Nbd2 0-0 11. Nc4 a5 12. h3 Ba6 13. Re1 Qc7 14. Qe2 Nd7 15. Rad1 Rfe8 16. Qf1 Re7 17. Nfd2 Bh6 18. Nb3 Bxc4 19. Bxc4 Rae8 20. f3 Bg7 21. Bb5 f5 22. exf5 Bxb2 23. fxg6 hxg6 24. Bxd7 Qxd7 25. Nxa5 Qxa4 26. Nc6 Rxe1 27. Rxe1 Rxe1 28. Qxe1 Qxc2 29. Qe8+ Kg7 30. Kh2 Qf5 31. Ne7 Be5+ 32. Kg1 Qb1+ 33. Kf2 Qc2+ 34. Kg1 Qc1+ 35. Kf2 Qd2+ 36. Kf1 Qd1+ 37. Kf2 Bd4+ 38. Kg3 Qe1+ 39. Kg4 f5+ 40. Nxf5+ gxf5+ 0-1

[Event "Checkmate Covid Rematch"]
[Site "Chess.com INT"]
[Date "2021.06.06"]
[Round "?"]
[White "Armstrong, Malcolm J"]
[Black "Royal, Shreyas"]
[Result "0-1"]
[WhiteElo "1993"]
[BlackElo "2121"]
[PlyCount "66"]
[EventDate "2021.06.05"]
[EventType "swiss (blitz)"]
[EventRounds "20"]
[EventCountry "ENG"]
[SourceTitle "CBM 202 Extra"]
[Source "ChessBase"]
[SourceDate "2021.07.31"]
[SourceVersion "1"]
[SourceVersionDate "2021.07.31"]
[SourceQuality "1"]

1. d4 Nf6 2. Nf3 g6 3. Nc3 d5 4. Bf4 Bg7 5. Nb5 Na6 6. e3 0-0 7. Be2 c6 8. Nc3 Bf5 9. Bxa6 bxa6 10. Be5 Ne4 11. Nxe4 Bxe4 12. Bxg7 Kxg7 13. 0-0 Qb6 14. b3 f6 15. Nd2 Bf5 16. c4 e5 17. cxd5 cxd5 18. dxe5 fxe5 19. Nf3 Qd6 20. Qd2 Rad8 21. Rac1 Bg4 22. Ne1 Rd7 23. Nd3 Bf5 24. Rfd1 Rdf7 25. Nb4 Be6 26. Rc6 Qd7 27. Rxa6 Rxf2 28. Qc3 Qf7 29. Qxe5+ Kh6 30. h3 Rxg2+ 31. Kxg2 Qf3+ 32. Kh2 Qxh3+ 33. Kg1 Qg4+ 0-1

[Event "Checkmate Covid Rematch"]
[Site "Chess.com INT"]
[Date "2021.06.06"]
[Round "?"]
[White "Armstrong, Malcolm J"]
[Black "Shearsby, Jude"]
[Result "1-0"]
[WhiteElo "1993"]
[BlackElo "1673"]
[PlyCount "145"]
[EventDate "2021.06.05"]
[EventType "swiss (blitz)"]
[EventRounds "20"]
[EventCountry "ENG"]
[SourceTitle "CBM 202 Extra"]
[Source "ChessBase"]
[SourceDate "2021.07.31"]
[SourceVersion "1"]
[SourceVersionDate "2021.07.31"]
[SourceQuality "1"]

1. d4 Nc6 2. Nf3 d6 3. c4 Nf6 4. Nc3 g6 5. g3 Bg7 6. Bg2 0-0 7. 0-0 e5 8. dxe5 dxe5 9. Qxd8 Rxd8 10. Bg5 Be6 11. b3 h6 12. Be3 Ng4 13. Rad1 f5 14. Nb5 Rac8 15. Nh4 Nd4 16. Bxd4 exd4 17. Bxb7 Rb8 18. Bf3 a6 19. Nxc7 Bf7 20. Bd5 Bxd5 21. Nxd5 Kf7 22. Nf3 Ne5 23. Nxd4 Rd7 24. h3 Rbd8 25. f4 Rxd5 26. cxd5 Rxd5 27. fxe5 Rxe5 28. Rfe1 Re3 29. Kf2 Rc3 30. Nf3 Rc2 31. Rd2 Rc5 32. Red1 Bf8 33. Rd7+ Ke6 34. Ra7 Ra5 35. a4 Bc5+ 36. e3 Bxa7 37. Nd4+ Kd5 38. Nb5+ Kc6 39. Nxa7+ Kb7 40. Rd7+ Kb8 41. Nc6+ Kc8 42. Rd8+ Kc7 43. Nxa5 Kxd8 44. Kf3 Kc7 45. Nc4 Kc6 46. b4 Kd5 47. Nd2 g5 48. e4+ fxe4+ 49. Nxe4 Kc4 50. h4 Kxb4 51. hxg5 hxg5 52. Nxg5 Kxa4 53. Ne4 Kb4 54. Nd2 a5 55. g4 Kc3 56. Nb1+ Kb2 57. Nd2 a4 58. g5 a3 59. Nc4+ Kb3 60. Nxa3 Kxa3 61. g6 Kb4 62. g7 Kb3 63. g8Q+ Kc3 64. Qd8 Kc2 65. Ke2 Kb2 66. Qc7 Kb3 67. Kd3 Kb4 68. Qc4+ Ka5 69. Qb3 Ka6 70. Kd4 Ka7 71. Kc5 Ka8 72. Kc6 Ka7 73. Qb7# 1-0

[Event "Checkmate Covid Rematch"]
[Site "Chess.com INT"]
[Date "2021.06.06"]
[Round "?"]
[White "Paul, Nathanael"]
[Black "Armstrong, Malcolm J"]
[Result "1-0"]
[WhiteElo "1993"]
[BlackElo "1993"]
[PlyCount "123"]
[EventDate "2021.06.05"]
[EventType "swiss (blitz)"]
[EventRounds "20"]
[EventCountry "ENG"]
[SourceTitle "CBM 202 Extra"]
[Source "ChessBase"]
[SourceDate "2021.07.31"]
[SourceVersion "1"]
[SourceVersionDate "2021.07.31"]
[SourceQuality "1"]

1. e4 c6 2. Bc4 d5 3. Bb3 dxe4 4. Qh5 e6 5. f3 Nf6 6. Qh4 exf3 7. Nxf3 Nd5 8. Qg3 Qd6 9. Qf2 Be7 10. 0-0 0-0 11. d4 Nd7 12. Na3 Qc7 13. Nc4 Bf6 14. c3 c5 15. Nce5 Nxe5 16. dxe5 Bxe5 17. Bc2 Bf6 18. Bg5 Qe7 19. Qg3 Kh8 20. Rae1 b6 21. Be4 Bb7 22. c4 Bxg5 23. Nxg5 Nf6 24. Bxh7 Nxh7 25. Nxh7 Kxh7 26. Rf4 g6 27. Ref1 Rad8 28. Rh4+ Kg7 29. Qc3+ e5 30. Qg3 Rd4 31. Rh5 Rd2 32. Rxe5 Rxg2+ 33. Qxg2 Qxe5 34. Qxb7 Qd4+ 35. Rf2 Qxc4 36. Qxa7 Re8 37. Qd7 Re1+ 38. Kg2 Qe4+ 39. Rf3 Re2+ 40. Kg3 Qe5+ 41. Kh3 Rxh2+ 42. Kg4 Qh5+ 43. Kf4 Rh4+ 44. Ke3 Qe5+ 45. Kd2 Rd4+ 46. Qxd4 Qxd4+ 47. Rd3 Qf2+ 48. Kc3 g5 49. Rd2 Qe3+ 50. Kc2 Qe4+ 51. Rd3 g4 52. Kd2 Qf4+ 53. Ke2 g3 54. Rxg3+ Qxg3 55. Kd2 Qf2+ 56. Kc1 Qe1+ 57. Kc2 Qe4+ 58. Kb3 f5 59. Ka3 f4 60. Kb3 Qb4+ 61. Kc2 Qc4+ 62. Kd2 1-0

[Event "Checkmate Covid Rematch"]
[Site "Chess.com INT"]
[Date "2021.06.06"]
[Round "?"]
[White "Royal, Shreyas"]
[Black "Armstrong, Malcolm J"]
[Result "1/2-1/2"]
[WhiteElo "2121"]
[BlackElo "1993"]
[PlyCount "118"]
[EventDate "2021.06.05"]
[EventType "swiss (blitz)"]
[EventRounds "20"]
[EventCountry "ENG"]
[SourceTitle "CBM 202 Extra"]
[Source "ChessBase"]
[SourceDate "2021.07.31"]
[SourceVersion "1"]
[SourceVersionDate "2021.07.31"]
[SourceQuality "1"]

1. d4 d5 2. c4 e6 3. Nf3 Nf6 4. g3 Be7 5. Bg2 0-0 6. 0-0 c5 7. cxd5 Nxd5 8. Nc3 Nxc3 9. bxc3 cxd4 10. cxd4 Nc6 11. Bb2 Bf6 12. Rc1 Qe7 13. Qb3 Rd8 14. Rfd1 Qb4 15. Qxb4 Nxb4 16. a3 Nc6 17. Ne5 Bxe5 18. dxe5 Rxd1+ 19. Rxd1 Kf8 20. Bc3 Ke8 21. Rd6 Bd7 22. Be4 h6 23. f4 Rc8 24. Bd2 Nd8 25. Be3 Bc6 26. Bd3 b6 27. g4 Ke7 28. Ba6 Bb7 29. Bb5 Bc6 30. Bxc6 Rxc6 31. Rd3 Rc4 32. Bd2 Nb7 33. Bb4+ Nc5 34. Bxc5+ Rxc5 35. e3 Rc2 36. Rd4 Rc3 37. Ra4 a5 38. Kf2 Kd7 39. Rd4+ Kc7 40. a4 Rb3 41. Kf3 Rb4 42. Ke4 Kc6 43. Rxb4 axb4 44. Kd3 Kd5 45. h4 Kc5 46. e4 g6 47. f5 gxf5 48. exf5 exf5 49. g5 h5 50. e6 Kd6 51. exf7 Ke7 52. g6 f4 53. Ke4 b3 54. Kxf4 b2 55. Kg5 b1Q 56. Kh6 Kf8 57. Kh7 Qf5 58. a5 bxa5 59. Kh8 Qxg6 1/2-1/2

[Event "Checkmate Covid Rematch"]
[Site "Chess.com INT"]
[Date "2021.06.05"]
[Round "?"]
[White "Pal, Rohan"]
[Black "Armstrong, Malcolm J"]
[Result "1-0"]
[WhiteElo "1759"]
[BlackElo "1993"]
[PlyCount "45"]
[EventDate "2021.06.05"]
[EventType "swiss (blitz)"]
[EventRounds "20"]
[EventCountry "ENG"]
[SourceTitle "CBM 202 Extra"]
[Source "ChessBase"]
[SourceDate "2021.07.31"]
[SourceVersion "1"]
[SourceVersionDate "2021.07.31"]
[SourceQuality "1"]

1. e4 c6 2. Nf3 d5 3. Nc3 dxe4 4. Nxe4 Nf6 5. Qe2 Nxe4 6. Qxe4 Nd7 7. Bc4 Nf6 8. Ne5 e6 9. Qe2 Bd6 10. d4 0-0 11. 0-0 Bd7 12. Bf4 Qe7 13. Rad1 Rad8 14. Bd3 Rfe8 15. c4 c5 16. dxc5 Bxc5 17. Bb1 Bc8 18. Qc2 g6 19. Bg5 Rxd1 20. Rxd1 Rd8 21. Ng4 Rxd1+ 22. Qxd1 Qd7 23. Nxf6+ 1-0

[Event "Checkmate Covid Rematch"]
[Site "Chess.com INT"]
[Date "2021.06.05"]
[Round "?"]
[White "Paul, Nathanael"]
[Black "Armstrong, Malcolm J"]
[Result "0-1"]
[WhiteElo "1993"]
[BlackElo "1993"]
[PlyCount "118"]
[EventDate "2021.06.05"]
[EventType "swiss (blitz)"]
[EventRounds "20"]
[EventCountry "ENG"]
[SourceTitle "CBM 202 Extra"]
[Source "ChessBase"]
[SourceDate "2021.07.31"]
[SourceVersion "1"]
[SourceVersionDate "2021.07.31"]
[SourceQuality "1"]

1. d4 d5 2. Nc3 Nf6 3. Bf4 c6 4. e3 Bf5 5. f3 e6 6. g4 Bg6 7. h4 h5 8. g5 Ng8 9. Bd3 Bxd3 10. Qxd3 g6 11. Nh3 Bd6 12. 0-0-0 Ne7 13. e4 Bxf4+ 14. Nxf4 Qc7 15. Nce2 Nd7 16. Kb1 0-0-0 17. c4 dxc4 18. Qxc4 Nb6 19. Qb3 Kb8 20. Rc1 Qd6 21. Rc5 Rhe8 22. Rhc1 Nd7 23. Ra5 Nb6 24. Nd3 Nec8 25. Ne5 Re7 26. Rac5 Ka8 27. a4 Nd7 28. R5c4 Nxe5 29. dxe5 Qxe5 30. f4 Qd6 31. Rd4 Qc7 32. Rxd8 Qxd8 33. Rd1 Rd7 34. Rxd7 Qxd7 35. Kc2 b6 36. Qc3 Kb7 37. a5 Nd6 38. axb6 axb6 39. e5 Nb5 40. Qc4 Qd5 41. Qb4 Qc5+ 42. Qxc5 bxc5 43. Ng3 Nd4+ 44. Kd3 Nf3 45. Ne4 Kb6 46. Nd6 Nxh4 47. Nxf7 Nf5 48. Nh8 Ne7 49. Nf7 Kb5 50. Nd8 Kb4 51. Nxe6 c4+ 52. Kc2 Nf5 53. Nf8 h4 54. Nxg6 h3 55. e6 h2 56. e7 Nxe7 57. Nxe7 h1Q 58. g6 Qe4+ 59. Kc1 Qxe7 0-1

[Event "Bangkok Cha Am op 19th"]
[Site "Bangkok"]
[Date "2019.04.10"]
[Round "5"]
[White "Armstrong, Malcolm J"]
[Black "Lou, Yiping"]
[Result "0-1"]
[WhiteElo "2035"]
[BlackElo "2482"]
[PlyCount "56"]
[EventDate "2019.04.06"]
[EventType "swiss"]
[EventRounds "9"]
[EventCountry "THA"]
[SourceTitle "CBM 189 Extra"]
[Source "ChessBase"]
[SourceDate "2019.06.03"]
[SourceVersion "1"]
[SourceVersionDate "2019.06.03"]
[SourceQuality "1"]

1. e4 c5 2. Nf3 d6 3. d4 cxd4 4. Nxd4 Nf6 5. Nc3 a6 6. Be3 e5 7. Nb3 Be6 8. Be2 Be7 9. 0-0 0-0 10. Qd2 Nbd7 11. Rfd1 Qc7 12. a4 h6 13. a5 Rac8 14. Nc1 Rfd8 15. Nd3 d5 16. exd5 Bf5 17. Qc1 Bd6 18. f4 Re8 19. Rf1 Bg4 20. fxe5 Nxe5 21. Bxh6 Bxe2 22. Nxe2 Neg4 23. Nd4 Bc5 24. Bf4 Bxd4+ 25. Kh1 Qxc2 26. Qxc2 Rxc2 27. Ra4 Nf2+ 28. Nxf2 Rxf2 0-1

[Event "Hastings Masters op 94th"]
[Site "Hastings"]
[Date "2018.12.28"]
[Round "1"]
[White "Armstrong, Malcolm J"]
[Black "Graham, Cassie M"]
[Result "1/2-1/2"]
[WhiteElo "2052"]
[BlackElo "1889"]
[PlyCount "59"]
[EventDate "2018.12.28"]
[EventType "swiss"]
[EventRounds "10"]
[EventCountry "ENG"]
[SourceTitle "CBM 188 Extra"]
[Source "ChessBase"]
[SourceDate "2019.02.26"]
[SourceVersion "1"]
[SourceVersionDate "2019.02.26"]
[SourceQuality "1"]

1. d4 Nf6 2. Nf3 g6 3. b3 Bg7 4. Bb2 0-0 5. e3 d5 6. Be2 c6 7. 0-0 Re8 8. c4 Bg4 9. Nc3 Nbd7 10. cxd5 cxd5 11. Rc1 Rc8 12. h3 Bf5 13. g4 Be6 14. Ng5 Nf8 15. Nxe6 Nxe6 16. f4 Qd6 17. Bb5 Rf8 18. Qf3 Rcd8 19. Bd3 a6 20. Rf2 b5 21. Rfc2 Rd7 22. h4 b4 23. Na4 Rc7 24. Nc5 Rfc8 25. g5 Ne8 26. Nxe6 Rxc2 27. Rxc2 Rxc2 28. Bxc2 Qxe6 29. Bd3 Nd6 30. Kf2 1/2-1/2

[Event "Abu Dhabi op 24th"]
[Site "Abu Dhabi"]
[Date "2017.08.20"]
[Round "7"]
[White "Armstrong, Malcolm J"]
[Black "Pratyusha, Bodda"]
[Result "1/2-1/2"]
[WhiteElo "2109"]
[BlackElo "2171"]
[PlyCount "147"]
[EventDate "2017.08.14"]
[EventType "swiss"]
[EventRounds "9"]
[EventCountry "UAE"]
[SourceTitle "CBM 180 Extra"]
[Source "ChessBase"]
[SourceDate "2017.10.06"]
[SourceVersion "1"]
[SourceVersionDate "2017.10.06"]
[SourceQuality "1"]

1. d4 Nf6 2. Nf3 e6 3. g3 d5 4. Bg2 Bb4+ 5. Bd2 Bd6 6. c4 0-0 7. 0-0 Ne4 8. Nc3 c6 9. Qc2 f5 10. Bf4 Qe7 11. Bxd6 Qxd6 12. Rad1 Nd7 13. e3 b6 14. Nxe4 dxe4 15. Nd2 e5 16. Qc3 exd4 17. exd4 Qh6 18. Qe3 Qh5 19. f3 Nf6 20. Bh1 Ba6 21. b3 Rad8 22. Rfe1 Bc8 23. Nf1 Rfe8 24. h4 h6 25. Nh2 Qg6 26. f4 Rd6 27. Rd2 Red8 28. Red1 Bb7 29. Kf2 h5 30. Bg2 Ne8 31. Nf1 Qf6 32. Bh3 g6 33. c5 R6d7 34. Qc3 Nc7 35. Ne3 Kg7 36. cxb6 axb6 37. Bf1 c5 38. Nc2 Ne6 39. Ke3 Nc7 40. Kf2 Kh7 41. a4 Nd5 42. Qa1 e3+ 43. Nxe3 Nxe3 44. Kxe3 Qe6+ 45. Kf2 Qxb3 46. Rd3 Qd5 47. Qc3 Qh1 48. d5 Bxd5 49. Qe5 Qe4 50. Qxe4 fxe4 51. R3d2 Be6 52. Rxd7+ Rxd7 53. Rb1 Rd6 54. Ke3 Kg7 55. Kxe4 Bf5+ 56. Ke5 Re6+ 57. Kd5 Bxb1 58. Kxe6 Bc2 59. Bb5 Bb3+ 60. Ke5 Kf7 61. Bc6 Ke7 62. Bb5 Ba2 63. Bc6 Be6 64. Be4 Bf7 65. Bc2 Be8 66. Bb3 Bf7 67. Bc2 c4 68. Kd4 Kd6 69. Bd1 Kc6 70. Bf3+ Kd6 71. Be2 Be8 72. Bd1 Bf7 73. Be2 Be8 74. Bd1 1/2-1/2

[Event "Abu Dhabi op 24th"]
[Site "Abu Dhabi"]
[Date "2017.08.19"]
[Round "5"]
[White "Varshini, Veileven"]
[Black "Armstrong, Malcolm J"]
[Result "0-1"]
[WhiteElo "2140"]
[BlackElo "2109"]
[PlyCount "116"]
[EventDate "2017.08.14"]
[EventType "swiss"]
[EventRounds "9"]
[EventCountry "UAE"]
[SourceTitle "CBM 180 Extra"]
[Source "ChessBase"]
[SourceDate "2017.10.06"]
[SourceVersion "1"]
[SourceVersionDate "2017.10.06"]
[SourceQuality "1"]

1. e4 c6 2. d4 d5 3. Nc3 dxe4 4. Nxe4 Bf5 5. Ng3 Bg6 6. Bc4 Nf6 7. N1e2 Nbd7 8. Nf4 e5 9. Qe2 Qe7 10. dxe5 Qxe5 11. Be3 Bc5 12. Bxc5 Qxe2+ 13. Bxe2 Nxc5 14. 0-0-0 Rd8 15. f3 Rxd1+ 16. Rxd1 Ne6 17. Nxe6 fxe6 18. Nf1 Nd5 19. g3 Ke7 20. c4 Nb6 21. Ne3 Rd8 22. Rxd8 Kxd8 23. Ng4 Nd7 24. Kd2 Ke7 25. f4 Bh5 26. Nf2 Bxe2 27. Kxe2 c5 28. Kf3 Nb8 29. Nd3 Nd7 30. g4 b6 31. g5 Kd6 32. Ke4 a6 33. a4 a5 34. Nf2 Nb8 35. Ng4 Nc6 36. Ne3 Ke7 37. f5 Nd4 38. fxe6 Kxe6 39. Nd5 Nb3 40. Nxb6 Nd2+ 41. Ke3 Nf1+ 42. Kf4 Nxh2 43. Nd5 Nf1 44. Nc3 Nd2 45. Nd1 Nxc4 46. Ke4 Nd6+ 47. Kf4 h6 48. gxh6 gxh6 49. Ne3 h5 50. b3 h4 51. Kg4 Ke5 52. Ng2 Kd4 53. Nf4 Kc3 54. Ne6 Nb7 55. Kxh4 Kxb3 56. Kg3 c4 57. Kf2 c3 58. Nd4+ Kb2 0-1

[Event "Abu Dhabi op 24th"]
[Site "Abu Dhabi"]
[Date "2017.08.15"]
[Round "2"]
[White "Shailesh, Dravid"]
[Black "Armstrong, Malcolm J"]
[Result "1-0"]
[WhiteElo "2254"]
[BlackElo "2109"]
[PlyCount "79"]
[EventDate "2017.08.14"]
[EventType "swiss"]
[EventRounds "9"]
[EventCountry "UAE"]
[SourceTitle "CBM 180 Extra"]
[Source "ChessBase"]
[SourceDate "2017.10.06"]
[SourceVersion "1"]
[SourceVersionDate "2017.10.06"]
[SourceQuality "1"]

1. c4 c6 2. Nf3 d5 3. e3 Nf6 4. Nc3 g6 5. Be2 Bg7 6. 0-0 0-0 7. b3 Nbd7 8. Bb2 b6 9. d3 Bb7 10. Rc1 Rc8 11. Qc2 c5 12. cxd5 Nxd5 13. a3 Nxc3 14. Bxc3 e5 15. Rfd1 Qe7 16. Qb2 Rfe8 17. Nd2 Qg5 18. Ne4 Qe7 19. Re1 f5 20. Nd2 Qg5 21. Bf1 Qe7 22. b4 Kh8 23. Nc4 Bd5 24. e4 Bxc4 25. dxc4 f4 26. Rcd1 Nb8 27. bxc5 bxc5 28. Rd5 Nc6 29. Qb5 Nd4 30. Bxd4 exd4 31. Rd7 Qh4 32. Rxa7 d3 33. g3 fxg3 34. hxg3 d2 35. Rd1 Qh6 36. Bd3 Red8 37. Be2 Bd4 38. Kg2 Rf8 39. f4 Be3 40. Rh1 1-0

[Event "EU-Cup 31st"]
[Site "Skopje"]
[Date "2015.10.23"]
[Round "6.6"]
[White "Khmelniker, Ilya"]
[Black "Armstrong, Malcolm J"]
[Result "1-0"]
[WhiteElo "2498"]
[BlackElo "2098"]
[PlyCount "117"]
[EventDate "2015.10.18"]
[EventType "team-swiss"]
[EventRounds "7"]
[EventCountry "MKD"]
[SourceTitle "CBM 169"]
[Source "ChessBase"]
[SourceDate "2015.11.10"]
[SourceVersion "1"]
[SourceVersionDate "2015.11.10"]
[SourceQuality "1"]
[WhiteTeam "Beer Sheva"]
[BlackTeam "Cheddleton"]
[WhiteTeamCountry "ISR"]
[BlackTeamCountry "ENG"]

1. d4 d5 2. Nf3 Nf6 3. c4 c6 4. e3 Bf5 5. Nc3 e6 6. Nh4 Bg6 7. Nxg6 hxg6 8. Bd2 Nbd7 9. Qc2 Bd6 10. Be2 0-0 11. Rc1 dxc4 12. Bxc4 Rc8 13. Qb3 Nb6 14. Be2 e5 15. dxe5 Bxe5 16. Rd1 Re8 17. 0-0 Qe7 18. Bf3 Rcd8 19. Bc1 Rxd1 20. Rxd1 Rd8 21. Rxd8+ Qxd8 22. g3 Qd3 23. Be2 Qd7 24. f3 Nbd5 25. Nd1 b5 26. Kg2 a6 27. Qa3 Nc7 28. Qd3 Ne6 29. Qa3 Nc7 30. Nf2 Bd6 31. Qd3 Be7 32. e4 Ne6 33. f4 Qxd3 34. Bxd3 Nc5 35. Bc2 Kf8 36. f5 gxf5 37. exf5 Bd6 38. Kf3 Ke7 39. Bg5 Be5 40. b4 Ncd7 41. Nd3 Bc3 42. Bb3 a5 43. bxa5 Bxa5 44. a4 Bc3 45. axb5 cxb5 46. Bf4 Nh5 47. Bc7 Nhf6 48. g4 Ne8 49. Bg3 f6 50. Nf4 Be5 51. Ng6+ Kd6 52. Nxe5 fxe5 53. g5 Nc5 54. Bf7 Nc7 55. Bf2 e4+ 56. Ke2 Nd5 57. Bxd5 Kxd5 58. Bxc5 Kxc5 59. f6 1-0